01498 2200409 4500001002100000005001500021035002000036007000300056008004100059020002200100082001500122084001700137100002800154245026600182250003000448300004900478650001900527700003300546700003100579700003400610700002300644700003700667700003200704700004100736700002800777700003400805264005000839336002100889337003000910338002300940040002200963090002200985850001201007504002501019999002201044990002201066INLIS00000000086391920210823092453 a0010-0821000618ta210823s2021 yoia g ind d a978-602-386-951-004223a005.74 a005.74 NOV b0 aNovi Kurnia,ePengarang1 aBig data untuk ilmu sosial :bantara metode riset dan realitas sosial /cNovi Kurnia, Amalinda Savirani, Suzanna Eddyono, Bevaola Kusumasari, Rajiyem, Derajad S. Widhyharto, Sidiq Hari Madya, Zinuddin Muda Z. Monggilo; penyunting, Novi Kurnia, Amalinda Savirani aCetakan kedua, Maret 2021 axviii, 314 halaman :btabel, grafik ;c23 cm 4aPangkalan data0 aAmalinda SaviraniePengarang0 aSuzanna EddyonoePengarang0 aBevaola KusumasariePengarang0 aRajiyemePengarang0 aDerajad S. WidhyhartoePengarang0 aSidiq Hari MadyaePengarang0 aZinuddin Muda Z. MonggiloePengarang0 aNovi KurniaePenyunting0 aAmalinda SaviraniePenyunting31aSleman :bGadjah Mada University Press,c2021 2rdacontentateks 2rdamediaatanpa perantara 2rdacarrieravolume aYOPDYOGbinderda aCB-D.11 2021-0799 aYOPDYOG aTermasuk bibliografi aCB-D.11 2021-0799 aCB-D.11/2021-0799